| 000 | 00544nam a2200181 i 4500 | ||
|---|---|---|---|
| 001 | 88260 | ||
| 003 | ES-MaACL | ||
| 005 | 20230906175828.0 | ||
| 007 | t| | ||
| 008 | 050103s1943 sp ||||1| spa d | ||
| 100 | 1 |
_aLaín Entralgo, Pedro, _d1908-2001 _969681 |
|
| 245 | 1 | 0 |
_aEstudios de Historia de la Medicina y de la Antropología médica / _cPedro Laín Entralgo. |
| 260 |
_aMadrid : _bEscorial, _c1943 ( _fDiana) |
||
| 300 |
_a370 p. ; _c26 cm. |
||
| 500 | _aEs el Tomo I. | ||
| 852 |
_aES-MaACL _jE-4051 _bR.19871 |
||
| 999 |
_c88260 _d88260 |
||